| 000 | 00951nam a22002537a 4500 | ||
|---|---|---|---|
| 999 |
_c2078 _d2078 |
||
| 003 | AR-CdUCM | ||
| 008 | 190301b ||||| |||| 00| 0 spa d | ||
| 040 |
_aMUNICIPALIDAD PROVINCIAL DEL CUSCO _cBIBLIOTECA MUNICIPAL DEL CUSCO |
||
| 041 | _heng | ||
| 082 |
_a810 / _bG73 |
||
| 100 |
_aGordon Burke, John _97513 |
||
| 245 |
_aPerspectivas Regionales : _bRevision del legado literario de Estados unidos _cGordon Burke, John |
||
| 260 |
_aArgentina : _bLas Paralelas, _c1977. |
||
| 300 |
_a381 páginas ; _c19 cm. |
||
| 505 | _aIntroduccion -- La tradicion de nueva inglaterra -- El Sur -- Cruzando el medio Oeste -- El Mito de la frontera y literatura del Sudoeste... | ||
| 650 |
_aEstados Unidos.. _97514 |
||
| 650 |
_aLiteratura. _983 |
||
| 650 |
_aNueva Inglaterra. _97515 |
||
| 650 |
_aHistoria. _9136 |
||
| 650 |
_aLugar literario. _97516 |
||
| 700 |
_aTraducción : Barredá, Manuel _97517 |
||
| 942 |
_2ddc _cLIBROS |
||
| 945 |
_admma _d2019-03-01 |
||